MARC details
| 000 -LEADER |
| fixed length control field |
01477cam a2200421 i 4500 |
| 001 - CONTROL NUMBER |
| control field |
200468170 |
| 003 - CONTROL NUMBER IDENTIFIER |
| control field |
TR-AnTOB |
| 005 - DATE AND TIME OF LATEST TRANSACTION |
| control field |
20260417105659.0 |
| 007 - PHYSICAL DESCRIPTION FIXED FIELD--GENERAL INFORMATION |
| fixed length control field |
ta |
| 008 - FIXED-LENGTH DATA ELEMENTS--GENERAL INFORMATION |
| fixed length control field |
260417s1976 enk 000 1 eng |
| 010 ## - LIBRARY OF CONGRESS CONTROL NUMBER |
| LC control number |
74185803 |
| 015 ## - NATIONAL BIBLIOGRAPHY NUMBER |
| National bibliography number |
GB7406604 |
| Source |
bnb |
|
| National bibliography number |
751035912 |
| Source |
can |
| 016 ## - NATIONAL BIBLIOGRAPHIC AGENCY CONTROL NUMBER |
| Record control number |
(AMICUS)000001241789 |
|
| Record control number |
000545200 |
| Source |
Uk |
|
| Record control number |
010325337 |
| Source |
Uk |
| 020 ## - INTERNATIONAL STANDARD BOOK NUMBER |
| International Standard Book Number |
0552102229 |
| Qualifying information |
(paperback) |
| 035 ## - SYSTEM CONTROL NUMBER |
| System control number |
(CLU)673889-ucladb-Voyager |
|
| System control number |
(OCoLC)03149976 |
| Canceled/invalid control number |
(OCoLC)1039224 |
| -- |
(OCoLC)1061883957 |
|
| System control number |
(OCoLC)ocm03149976 |
|
| System control number |
(EXLNZ-01UCS_NETWORK)9912941120306531 |
|
| System control number |
(TR-AnTOB)200468170 |
| 040 ## - CATALOGING SOURCE |
| Original cataloging agency |
DLC |
| Language of cataloging |
eng |
| Description conventions |
rda |
| Transcribing agency |
DLC |
| Modifying agency |
BTCTA |
| -- |
OCLCG |
| -- |
NLE |
| -- |
DEBBG |
| -- |
UKMGB |
| -- |
OCLCQ |
| -- |
NLC |
| -- |
OCLCQ |
| -- |
NZ1 |
| -- |
OCLCF |
| -- |
OCLCO |
| -- |
AU@ |
| -- |
OCLCQ |
| -- |
OCLCO |
| -- |
KSU |
| -- |
OCLCO |
| -- |
OCLCL |
| -- |
OCLCQ |
| -- |
IG# |
| -- |
OCLCL |
| -- |
TR-AnTOB |
| 041 0# - LANGUAGE CODE |
| Language code of text/sound track or separate title |
İngilizce |
| 050 00 - LIBRARY OF CONGRESS CALL NUMBER |
| Classification number |
PS3552.U75 |
| Item number |
E9 1976 |
| 090 ## - LOCALLY ASSIGNED LC-TYPE CALL NUMBER (OCLC); LOCAL CALL NUMBER (RLIN) |
| Classification number (OCLC) (R) ; Classification number, CALL (RLIN) (NR) |
PS3552.U75 |
| Local cutter number (OCLC) ; Book number/undivided call number, CALL (RLIN) |
E9 1976 |
| 100 1# - MAIN ENTRY--PERSONAL NAME |
| Personal name |
Burroughs, William S., |
| Dates associated with a name |
1914-1997 |
| Relator term |
author |
| Relator code |
aut |
| Authority record control number or standard number |
http://id.loc.gov/authorities/names/n79026862 |
| 9 (RLIN) |
153757 |
| 245 10 - TITLE STATEMENT |
| Title |
Exterminator! / |
| Statement of responsibility, etc. |
William Burroughs. |
| 264 #1 - PRODUCTION, PUBLICATION, DISTRIBUTION, MANUFACTURE, AND COPYRIGHT NOTICE |
| Place of production, publication, distribution, manufacture |
London : |
| Name of producer, publisher, distributor, manufacturer |
Corgi Books, |
| Date of production, publication, distribution, manufacture, or copyright notice |
1976. |
| 300 ## - PHYSICAL DESCRIPTION |
| Extent |
124 pages ; |
| Dimensions |
18 cm |
| 336 ## - CONTENT TYPE |
| Content type term |
text |
| Content type code |
txt |
| Source |
rdacontent |
| 337 ## - MEDIA TYPE |
| Media type term |
unmediated |
| Media type code |
n |
| Source |
rdamedia |
| 338 ## - CARRIER TYPE |
| Carrier type term |
volume |
| Carrier type code |
nc |
| Source |
rdacarrier |
| 655 #7 - INDEX TERM--GENRE/FORM |
| Genre/form data or focus term |
Science fiction |
| Source of term |
lcgft |
| Authority record control number |
http://id.loc.gov/authorities/genreForms/gf2014026529 |
| 9 (RLIN) |
153063 |
| 942 ## - ADDED ENTRY ELEMENTS (KOHA) |
| Source of classification or shelving scheme |
Library of Congress Classification |
| Koha item type |
Book |